000 00403nam a22001577a 4500
005 20200528140127.0
008 200528b xxu||||| |||| 00| 0 eng d
041 _aeng
082 _a340
100 _aBARE ACT
_95744
245 _aTHE MAHARASTRA CONTROL OF ORGANISED CRIME ACT, 1999 (30-1999)
260 _aDELHI
_bPROFESSIONAL BOOK PUBLICATION
300 _a21;p
650 _aLAW
_95701
942 _cBK
999 _c6590
_d6588